000 00413nam a2200121 4500
999 _c13219
_d13219
008 190213b ||||| |||| 00| 0 eng d
100 _936961
_aDedicatoria, May
245 _aIT health care summit connects Philippine hospitals to latest tech efforts/
_cMay Dedicatoria
260 _aPhilippines
_bThe Philippine Star
_cc2018
300 _apage B8.
650 0 _936962
_aTechnological innovations.
942 _2ddc
_cPER